| 000 | 01026cam a22002771 4500 | ||
|---|---|---|---|
| 001 | sa 68004089 | ||
| 003 | DLC | ||
| 005 | 20260227112459.0 | ||
| 008 | 711020s1962 ii ab b 00010 eng | ||
| 010 | _asa 68004089 //r85 | ||
| 025 | _aPL480:I-F-Fr-1 | ||
| 041 | 0 | _aengfre | |
| 043 | _aa-ii--- | ||
| 050 | 0 |
_aQ2 _b.I485 t. 4, fasc. 1 |
|
| 100 | 1 | 0 |
_aSastry, C. P., _d1927- |
| 245 | 1 | 0 |
_aOutline of Andhra Pradesh agriculture; _baperçu de l'agriculture en Andhra Pradesh _c[by] C. P. Sastry & M. Viart. |
| 260 | 0 |
_aPondichéry, _bImprimerie de la Mission, _c1962. |
|
| 300 |
_avi, 62 p. _billus., map. _c24 cm. |
||
| 490 | 1 | _aInstitut français de Pondichéry. Travaux de la section scientifique et technique, t. 4, fasc. 1 | |
| 500 | _aEnglish and French. | ||
| 504 | _aBibliography: p. 61-62. | ||
| 650 | 0 |
_aAgriculture _zIndia _zAndhra Pradesh. |
|
| 700 | 1 | 0 |
_aViart, M., _ejoint author. |
| 740 | 1 | _aAperçu de l'agriculture en Andhra Pradesh. | |
| 830 | 0 |
_aTravaux de la Section scientifique et technique ; _vt. 4. |
|
| 999 |
_c79965 _d79965 |
||